01627nam a2200385 a 4500001001200000003000800012006001900020007001500039008004100054010001700095020002800112020001800140020002200158020002700180040002100207035002100228050002500249082001600274245011400290260006100404300001400465490005200479500012300531504005100654533015200705650003500857655002900892700002300921700001500944710001700959711007800976830004201054856012601096999001901222ebr10463005CaPaEBRm u cr cn|||||||||980317s1998 ne sb 101 0 eng d z 98015269  z1556198205 (alk. paper) z9789027250711 z9027250715 (Eur.) z9789027285522 (e-book) aCaPaEBRcCaPaEBR a(OCoLC)71756700014aP302.35b.D57 1998eb04a401/.4122100aDiscourse markersh[electronic resource] :bdescriptions and theory /cedited by Andreas H. Jucker, Yael Ziv. aAmsterdam ;aPhiladelphia [Pa.] :bJ. Benjamins,cc1998. ax, 363 p.1 aPragmatics & beyond. New ser.,x0922-842X ;v57 aPapers presented at the 5th international conference of the International Pragmatics Association, summer 1996, Mexico. aIncludes bibliographical references and index. aElectronic reproduction.bPalo Alto, Calif. :cebrary,d2013.nAvailable via World Wide Web.nAccess may be limited to ebrary affiliated libraries. 0aDiscourse markersvCongresses. 7aElectronic books.2local1 aJucker, Andreas H.1 aZiv, Yael.2 aebrary, Inc.2 aInternational Pragmatics Conferencen(5th :d1996 :cMexico City, Mexico) 0aPragmatics & beyond.pNew ser. ;v57.40uhttp://site.ebrary.com/lib/rucke/Doc?id=10463005zAn electronic book accessible through the World Wide Web; click to view c240882d240882